Scottish Monarchs - Statistics

General Stats
  • This quiz has been taken 348 times
  • The average score is 27 of 46
Answer Stats
Answer % Correct
James I
97%
James II
90%
James III
88%
James IV
88%
James V
88%
Mary I
88%
House of Bruce Robert I
88%
James VI
86%
Charles I
85%
William I
85%
Charles II
81%
Stewart/Stuart Robert II
81%
William II
79%
James VII
77%
Mary II
74%
Robert III
74%
House of Balliol John I
73%
Anne
72%
House of Dunkeld Duncan I
64%
David I
63%
Macbeth
63%
Alexander I
58%
David II
57%
Alexander II
56%
House of Alpin Kenneth I
56%
Malcolm I
56%
Alexander III
54%
Duncan II
54%
Kenneth II
51%
Malcolm II
51%
Donald I
50%
Malcolm III
49%
Donald II
48%
Kenneth III
47%
Donald III
46%
Malcolm IV
43%
Constantine I
41%
Constantine II
37%
Constantine III
34%
Lulach
30%
Edgar
26%
Aed
20%
Dub
15%
Giric
15%
Cuilen
11%
Indulf
10%
No matching quizzes found
Score Distribution
Percent of People with Each Score
Percentile by Number Answered
Your Score History
You have not taken this quiz